Большой юридический словарь

Бібліографічні деталі
Інші автори: Сухарев А. Я. Александр Яковлевич (редактор)
Резюме:Однотомный Большой юридический словарь содержит определения более 7000 терминов и выражений, известных юридической науке и законодательной практике. В книге представлены все основные отрасли российского, международного и зарубежного права, а также теоретические и прикладные юридические дисциплины (история государства и права, криминология, криминалистика, судебная медицина). Статьи Словаря расположены в алфавитном порядке и содержат в необходимых случаях ссылки на конкретные нормативно-правовые акты.
Мова:Російська
Опубліковано: Москва, Инфра-М, 2010
Редагування:3-е изд., доп. и перераб.
Серія:Библиотека словарей "Инфра-М"
Предмети:
Формат: Книга
KOHA link:https://koha.lib.tpu.ru/cgi-bin/koha/opac-detail.pl?biblionumber=166961

MARC

LEADER 00000nam0a2200000 4500
001 166961
005 20231101222646.0
010 |a 9785160026060 
035 |a (RuTPU)RU\TPU\book\181095 
090 |a 166961 
100 |a 20091009d2010 km y0rusy50 ca 
101 0 |a rus 
102 |a RU 
105 |a y e 001zy 
200 1 |a Большой юридический словарь  |f под ред. А. Я. Сухарева 
205 |a 3-е изд., доп. и перераб. 
210 |a Москва  |c Инфра-М  |d 2010 
215 |a 858 с. 
225 1 |a Библиотека словарей "Инфра-М" 
320 |a Библиогр.: с. 853 
320 |a Принятые сокращения: с. 852-853 
330 |a Однотомный Большой юридический словарь содержит определения более 7000 терминов и выражений, известных юридической науке и законодательной практике. В книге представлены все основные отрасли российского, международного и зарубежного права, а также теоретические и прикладные юридические дисциплины (история государства и права, криминология, криминалистика, судебная медицина). Статьи Словаря расположены в алфавитном порядке и содержат в необходимых случаях ссылки на конкретные нормативно-правовые акты. 
606 1 |a Государство и право  |x Теория  |2 stltpush  |3 (RuTPU)RU\TPU\subj\8388  |9 35806 
610 1 |a термины 
610 1 |a персоналии 
610 1 |a понятия 
610 1 |a юридические науки 
610 1 |a словари 
686 |a Х0я2  |v LBC/SL-A  |2 rubbk 
702 1 |a Сухарев  |b А. Я.  |g Александр Яковлевич  |4 340 
801 1 |a RU  |b 63413507  |c 20091009 
801 2 |a RU  |b 63413507  |c 20190522  |g RCR 
942 |c BK 
959 |a 103/20091007  |d 1  |e 269,90  |f ЧЗСБИ:1